[Event "4NCL Online Division 5"]
[Site "online"]
[Date "2021.11.02"]
[EventDate "2021.11.02"]
[Round "6.21"]
[White "de Jonge, Henk"]
[WhiteElo "1945"]
[WhiteTeam "Cork"]
[Black "Bucher, Goetz"]
[BlackElo "1969"]
[BlackTeam "Bearsden Grizzlies"]
[Result "1-0"]
[PlyCount "125"]

1. d4 Nf6 2. c4 e5 3. dxe5 Ng4 4. Bf4 Nc6 5. Nf3 Bb4+ 6. Nc3 Bxc3+ 7. bxc3 Qe7 8. Qd5 f6 9. exf6 Nxf6 10. Qd3 d6 11. Bg5 O-O 12. e3 b6 13. Be2 Bb7 14. O-O Rae8 15. Rfe1 Qf7 16. Bxf6 Qxf6 17. Qd5+ Kh8 18. Rac1 Nd8 19. Qg5 Ne6 20. Qxf6 Rxf6 21. Nd4 Nc5 22. Nb5 Rf7 23. Rc2 a6 24. Nd4 Re5 25. Bf3 Bxf3 26. Nxf3 Re4 27. Ng5 Kg8 28. Nxe4 Nxe4 29. Rd1 Nc5 30. Rd5 h6 31. f3 Re7 32. Kf2 Kf7 33. h4 g6 34. g4 Kf6 35. e4 Nd7 36. Rd4 Re5 37. f4 Re7 38. g5+ hxg5 39. hxg5+ Ke6 40. Kg3 Rh7 41. Rh2 Rxh2 42. Kxh2 Nc5 43. Kg3 Na4 44. Kg4 Nxc3 45. f5+ Kf7 46. a3 Na4 47. Kf4 Nc5 48. Rd2 Nd7 49. Rh2 Kg7 50. fxg6 Kxg6 51. Rh6+ Kg7 52. Re6 Kf7 53. Kf5 Ne5 54. g6+ Kf8 55. Rxe5 dxe5 56. Kxe5 Kg7 57. Kf5 c5 58. e5 b5 59. cxb5 axb5 60. e6 Kf8 61. Kf6 c4 62. e7+ Ke8 63. g7 1-0

[Event "4NCL Online Division 5"]
[Site "online"]
[Date "2021.11.02"]
[EventDate "2021.11.02"]
[Round "6.22"]
[White "Colston, Rob"]
[WhiteElo "1872"]
[WhiteTeam "Bearsden Grizzlies"]
[Black "Lawrence, Simon"]
[BlackElo "1682"]
[BlackTeam "Cork"]
[Result "0-1"]
[PlyCount "56"]

1. e4 c5 2. d4 cxd4 3. c3 dxc3 4. Nxc3 e6 5. Nf3 a6 6. Bc4 d6 7. O-O Ne7 8. Bg5 h6 9. Bh4 Qc7 10. Bb3 Ng6 11. Bg3 Be7 12. Rc1 Qd8 13. Qe2 O-O 14. Rfd1 Nc6 15. e5 d5 16. Bc2 Bd7 17. Nxd5 exd5 18. e6 Be8 19. h4 Nxh4 20. Bxh4 Bxh4 21. Bb3 fxe6 22. Qxe6+ Bf7 23. Qf5 Qf6 24. Qg4 Ne5 25. Nxe5 Bxf2+ 26. Kh1 Qxe5 27. Rf1 Be6 28. Qd1 Qg5 0-1

[Event "4NCL Online Division 5"]
[Site "online"]
[Date "2021.11.02"]
[EventDate "2021.11.02"]
[Round "6.23"]
[White "Foran, Barry"]
[WhiteElo "1498"]
[WhiteTeam "Cork"]
[Black "Watt, David A"]
[BlackElo "1921"]
[BlackTeam "Bearsden Grizzlies"]
[Result "1/2-1/2"]
[PlyCount "100"]

1. d4 Nf6 2. Nf3 g6 3. Nc3 d5 4. Bf4 c6 5. e3 Bg7 6. Be2 O-O 7. Ne5 Nbd7 8. h4 Nxe5 9. Bxe5 h5 10. f3 a5 11. g4 hxg4 12. fxg4 Nd7 13. Bxg7 Kxg7 14. e4 e6 15. Qd2 Rh8 16. g5 b5 17. O-O-O Nb6 18. Qf4 Ra7 19. h5 gxh5 20. Bxh5 Rh7 21. Qe5+ Kg8 22. Rdg1 Nc4 23. Qf4 Qe7 24. g6 fxg6 25. Rxg6+ Rg7 26. Rhg1 Qf8 27. Rxg7+ Rxg7 28. Qxf8+ Kxf8 29. Rxg7 Kxg7 30. exd5 exd5 31. b3 Nd6 32. Kd2 Kh6 33. Be2 Kg5 34. Nd1 Kf4 35. Nf2 Ne4+ 36. Nxe4 dxe4 37. c4 b4 38. d5 cxd5 39. cxd5 Ke5 40. Bc4 Bb7 41. d6 Kxd6 42. Ke3 Ke5 43. Bb5 Bc8 44. Be2 Be6 45. Bd1 Bf7 46. Bc2 Bg6 47. Bd1 Be8 48. Bc2 Bg6 49. Bd1 Be8 50. Bc2 Bg6 1/2-1/2

[Event "4NCL Online Division 5"]
[Site "online"]
[Date "2021.11.02"]
[EventDate "2021.11.02"]
[Round "6.24"]
[White "Kerridge, Simon"]
[WhiteElo "1547"]
[WhiteTeam "Bearsden Grizzlies"]
[Black "Shindgi, Sumanth"]
[BlackElo "1111"]
[BlackTeam "Cork"]
[Result "0-1"]
[PlyCount "32"]

1. d4 d5 2. Nc3 Nf6 3. Bf4 Bf5 4. f3 Nbd7 5. g4 Bg6 6. g5 Nh5 7. Nxd5 e5 8. dxe5 Nxf4 9. Nxf4 Qxg5 10. Nxg6 hxg6 11. Bh3 Nxe5 12. Kf1 Rd8 13. Qe1 Bc5 14. Bg2 Qe3 15. h4 g5 16. hxg5 Rxh1 0-1

[Event "4NCL Online Division 5"]
[Site "online"]
[Date "2021.11.02"]
[EventDate "2021.11.02"]
[Round "6.31"]
[White "Hameed, Asif"]
[WhiteElo "1735"]
[WhiteTeam "Oxford 4"]
[Black "Coathup, Roger H"]
[BlackElo "2192"]
[BlackTeam "Morpeth"]
[Result "0-1"]
[PlyCount "160"]

1. e4 c5 2. Nf3 e6 3. c3 Nf6 4. Bd3 Nc6 5. O-O Be7 6. Bc2 d5 7. e5 Nd7 8. d4 f6 9. Nh4 Nf8 10. Qh5+ Kd7 11. dxc5 Nxe5 12. b4 f5 13. Nxf5 g6 14. Qe2 Nc6 15. Nd4 Bf6 16. Nxc6 bxc6 17. Bf4 Qe7 18. Bd6 Qf7 19. a4 a6 20. Ra3 Kd8 21. c4 Nd7 22. Rf3 Re8 23. a5 Qg7 24. Re1 d4 25. Be4 Bb7 26. Na3 Ne5 27. Rh3 Nf7 28. Qf3 Ng5 29. Qg3 Nxh3+ 30. Qxh3 Rc8 31. b5 cxb5 32. Bxb7 Qxb7 33. cxb5 axb5 34. Rb1 b4 35. Nc4 Qb5 36. Nb6 Rxc5 37. Bxc5 Qxc5 38. Qxh7 Be7 39. Qxg6 Bd6 40. Qf6+ Kc7 41. Qf7+ Re7 42. Qg8 Qxa5 43. Nc8 Rd7 44. Nxd6 Rxd6 45. Rc1+ Rc6 46. Rxc6+ Kxc6 47. Qxe6+ Kb7 48. h4 Qb5 49. Qe4+ Ka6 50. Qxd4 b3 51. Qd6+ Ka5 52. Qd2+ Ka4 53. Qb2 Qf5 54. Kf1 Qc2 55. Qa1+ Kb4 56. Qe1+ Kc4 57. Qe6+ Kc3 58. Qe5+ Kb4 59. Qd6+ Kb5 60. Qd5+ Ka4 61. Qd4+ Ka3 62. Qd6+ Ka2 63. Qa6+ Kb1 64. Ke1 b2 65. h5 Qe4+ 66. Kd1 Qd4+ 67. Ke2 Kc2 68. Qc6+ Kb3 69. Qb5+ Kc3 70. Qa5+ Qb4 71. Qe5+ Kb3 72. Qe3+ Qc3 73. Qb6+ Kc2 74. h6 b1=Q 75. Qg6+ Kb2 76. Qb6+ Qb3 77. Qd4+ Ka2 78. Qa7+ Qa3 79. Qf7+ Ka1 80. Qg7+ Qbb2+ 0-1

[Event "4NCL Online Division 5"]
[Site "online"]
[Date "2021.11.02"]
[EventDate "2021.11.02"]
[Round "6.32"]
[White "Turner, James"]
[WhiteElo "1953"]
[WhiteTeam "Morpeth"]
[Black "Evans, Christopher J"]
[BlackElo "1791"]
[BlackTeam "Oxford 4"]
[Result "0-1"]
[PlyCount "76"]

1. e4 c5 2. Nc3 Nc6 3. Bb5 Nd4 4. Nf3 e6 5. Nxd4 cxd4 6. Ne2 Qb6 7. Bc4 Nf6 8. d3 d6 9. O-O Be7 10. f4 O-O 11. a4 Bd7 12. a5 Qc5 13. Bd2 Nxe4 14. b4 Qc7 15. Nxd4 Nxd2 16. Qxd2 d5 17. Bb3 Bf6 18. c3 Rac8 19. Rac1 b6 20. f5 bxa5 21. fxe6 fxe6 22. bxa5 Qxa5 23. Ne2 Qb6+ 24. d4 Qxb3 25. Rb1 Qc4 26. Rb4 Qc7 27. Rfb1 Bc6 28. Qd3 Rb8 29. Qa6 Rxb4 30. Rxb4 Be7 31. Rb1 Bd6 32. g3 e5 33. dxe5 Bc5+ 34. Nd4 Qxe5 35. Qd3 Bb6 36. Kg2 Bxd4 37. Qxd4 Qe4+ 38. Qxe4 dxe4 0-1

[Event "4NCL Online Division 5"]
[Site "online"]
[Date "2021.11.02"]
[EventDate "2021.11.02"]
[Round "6.33"]
[White "Kassey, Amaan"]
[WhiteElo "1624"]
[WhiteTeam "Oxford 4"]
[Black "Eastlake, Phil"]
[BlackElo "1875"]
[BlackTeam "Morpeth"]
[Result "0-1"]
[PlyCount "64"]

1. e4 e5 2. Nf3 Nc6 3. Bb5 a6 4. Bxc6 dxc6 5. Nc3 Bc5 6. O-O Bg4 7. h3 Bxf3 8. Qxf3 Ne7 9. d3 O-O 10. a3 Ng6 11. Be3 Bxe3 12. Qxe3 Nf4 13. Rad1 c5 14. Rfe1 Qd6 15. Ne2 Ne6 16. c3 Rad8 17. Rd2 Rd7 18. Ng3 g6 19. Ne2 Rfd8 20. Red1 b5 21. d4 cxd4 22. cxd4 exd4 23. Nxd4 Qc5 24. Nb3 Qxe3 25. fxe3 Rxd2 26. Rxd2 Rxd2 27. Nxd2 Kf8 28. Kf2 Ke7 29. b4 Kd6 30. Nb3 c5 31. Ke2 c4 32. Kd2 cxb3 0-1

[Event "4NCL Online Division 5"]
[Site "online"]
[Date "2021.11.02"]
[EventDate "2021.11.02"]
[Round "6.34"]
[White "Horton, John G"]
[WhiteElo "1724"]
[WhiteTeam "Morpeth"]
[Black "Murawski, Jan"]
[BlackElo "1571"]
[BlackTeam "Oxford 4"]
[Result "0-1"]
[PlyCount "74"]

1. e4 e5 2. Nf3 Nc6 3. Bc4 Bc5 4. c3 Nf6 5. d4 exd4 6. e5 d5 7. Bb5 Ne4 8. Bxc6+ bxc6 9. cxd4 Bb4+ 10. Nbd2 Bg4 11. Qa4 Nxd2 12. Bxd2 Bxd2+ 13. Nxd2 Bd7 14. Qc2 Qg5 15. g3 O-O 16. f4 Qf5 17. Rc1 Qh3 18. Nb3 Bf5 19. Qf2 Be4 20. Rg1 f6 21. Rxc6 fxe5 22. dxe5 Rae8 23. Qxa7 Qxh2 24. Qf2 Qxf2+ 25. Kxf2 Rxe5 26. Rxc7 Rh5 27. Ke3 Rh2 28. Nd2 Re8 29. Nb3 Rxb2 30. Kd4 Rxa2 31. Re1 Rb2 32. Nc5 Rb4+ 33. Kc3 Rc4+ 34. Kb2 Rb8+ 35. Ka3 Rc3+ 36. Ka2 Bb1+ 37. Ka1 Ra3# 0-1

[Event "4NCL Online Division 5"]
[Site "online"]
[Date "2021.11.02"]
[EventDate "2021.11.02"]
[Round "6.41"]
[White "Strong, Chris M"]
[WhiteElo "1750"]
[WhiteTeam "Wells Globetrotters 1"]
[Black "Brusey, Alan W"]
[BlackElo "2056"]
[BlackTeam "Jurassic Coast A"]
[Result "0-1"]
[PlyCount "122"]

1. e4 e5 2. Nf3 Nf6 3. Nc3 Nc6 4. d4 exd4 5. Nxd4 Bb4 6. Nxc6 bxc6 7. Bd3 d5 8. exd5 cxd5 9. O-O O-O 10. Bg5 c6 11. Na4 Be6 12. c3 Be7 13. Re1 h6 14. Bh4 Re8 15. b3 Qd7 16. Bc2 Bf5 17. Rc1 Bxc2 18. Rxc2 Ne4 19. Bxe7 Rxe7 20. Rce2 Rae8 21. Qd4 Nf6 22. Rxe7 Rxe7 23. Rxe7 Qxe7 24. h3 Qe1+ 25. Kh2 Qe2 26. a3 Ne4 27. f3 Nd2 28. Qxa7 Nxf3+ 29. Kg3 Ne1 30. Qf2 Qxf2+ 31. Kxf2 Nc2 32. Kf3 Kf8 33. Nc5 Nxa3 34. Nd7+ Ke7 35. Ne5 c5 36. g4 Nb1 37. Nd3 Kd6 38. c4 Nd2+ 39. Ke3 Nxb3 40. cxd5 Kxd5 41. h4 c4 42. Nb4+ Kd6 43. Na2 Ke5 44. Nc3 f5 45. gxf5 Kxf5 46. Kf3 Nd4+ 47. Kg3 Nc6 48. Kf3 Ne5+ 49. Kg3 h5 50. Kh3 Kf4 51. Nd5+ Ke4 52. Nc3+ Kd3 53. Nb5 c3 54. Nxc3 Kxc3 55. Kg3 Kd4 56. Kf4 g6 57. Kg5 Ke4 58. Kf6 Kf4 59. Ke6 Nf3 60. Kf6 Nxh4 61. Kg7 Kg5 0-1

[Event "4NCL Online Division 5"]
[Site "online"]
[Date "2021.11.02"]
[EventDate "2021.11.02"]
[Round "6.42"]
[White "Gosling, Brian G E"]
[WhiteElo "1857"]
[WhiteTeam "Jurassic Coast A"]
[Black "Goatcher, Matthew W"]
[BlackElo "1682"]
[BlackTeam "Wells Globetrotters 1"]
[Result "0-1"]
[PlyCount "96"]

1. d4 Nf6 2. Nc3 g6 3. Bf4 c5 4. e3 Qb6 5. Nge2 a6 6. Na4 Qa5+ 7. c3 cxd4 8. b4 Qd8 9. Qxd4 Nc6 10. Qd2 b5 11. Nb2 Bg7 12. Rd1 O-O 13. f3 Bb7 14. e4 d6 15. Ng3 Qc7 16. Be2 Nd7 17. O-O Rac8 18. Rc1 Nb6 19. Kh1 Ne5 20. Bh6 Bxh6 21. Qxh6 Nec4 22. Nxc4 Nxc4 23. Bxc4 Qxc4 24. Qg5 f6 25. Qd2 Rfd8 26. Qe2 Qf7 27. Rfe1 Rc7 28. Qe3 Qxa2 29. c4 bxc4 30. Qb6 Rdc8 31. Rc3 Ba8 32. Rec1 Kf8 33. R1c2 Qa4 34. Qe3 Kg7 35. Qb6 Qb5 36. Qxb5 axb5 37. Ra2 d5 38. exd5 Bxd5 39. Ne4 Bxe4 40. fxe4 Rd8 41. h3 Rd4 42. Re2 e5 43. Kg1 Rcd7 44. Kf2 Kf7 45. Ke3 Ke6 46. Ra3 Rd3+ 47. Rxd3 Rxd3+ 48. Kf2 Rb3 0-1

[Event "4NCL Online Division 5"]
[Site "online"]
[Date "2021.11.02"]
[EventDate "2021.11.02"]
[Round "6.43"]
[White "Johnson, RN Phil"]
[WhiteElo "1611"]
[WhiteTeam "Wells Globetrotters 1"]
[Black "Timbrell, Matthew"]
[BlackElo "1634"]
[BlackTeam "Jurassic Coast A"]
[Result "1-0"]
[PlyCount "133"]

1. d4 d5 2. Nf3 Nf6 3. Bg5 Ne4 4. Bh4 Bf5 5. Nbd2 Nxd2 6. Qxd2 c6 7. e3 Nd7 8. c4 Rc8 9. a3 g6 10. Bg3 Bg7 11. Nh4 Be6 12. c5 O-O 13. Bd3 Nf6 14. Qc2 Nh5 15. Nf3 b6 16. b4 bxc5 17. Qxc5 Qb6 18. Qxe7 a5 19. Qc5 Qxc5 20. bxc5 Rb8 21. Bxb8 Rxb8 22. Rb1 Rxb1+ 23. Bxb1 Nf6 24. Ne5 Bd7 25. Ke2 Kf8 26. Bd3 Ke7 27. Rb1 Kd8 28. Rb8+ Kc7 29. Ra8 Kb7 30. Rxa5 Be6 31. Ba6+ Kc7 32. Bd3 Nd7 33. Ra7+ Kc8 34. Nxc6 Nb8 35. Nb4 Bd7 36. c6 Nxc6 37. Nxc6 Bxc6 38. Rxf7 Bh6 39. Rxh7 Bg5 40. Bf5+ gxf5 41. Rh5 Be7 42. a4 Bxa4 43. Rxf5 Bc6 44. f4 Bd7 45. Rxd5 Bc6 46. Re5 Bd6 47. Rg5 Kd7 48. d5 Bb5+ 49. Kf3 Ba6 50. e4 Bc8 51. e5 Be7 52. Rg7 Ke8 53. g4 Bb7 54. Rxe7+ Kxe7 55. Ke4 Bxd5+ 56. Kxd5 Kf8 57. f5 Ke8 58. g5 Kf8 59. h4 Ke8 60. h5 Kf8 61. h6 Kg8 62. g6 Kh8 63. f6 Kg8 64. e6 Kf8 65. Kc6 Kg8 66. e7 Kh8 67. e8=Q# 1-0

[Event "4NCL Online Division 5"]
[Site "online"]
[Date "2021.11.02"]
[EventDate "2021.11.02"]
[Round "6.44"]
[White "Southall, Christopher M"]
[WhiteElo "1495"]
[WhiteTeam "Jurassic Coast A"]
[Black "Roome, Gregory"]
[BlackElo "1601"]
[BlackTeam "Wells Globetrotters 1"]
[Result "0-1"]
[PlyCount "78"]

1. b4 e5 2. a3 Nf6 3. Bb2 d6 4. c4 Be6 5. e3 Nbd7 6. Nf3 Nb6 7. Qc2 h6 8. Nc3 Nxc4 9. Bxc4 Bxc4 10. d3 Be6 11. d4 exd4 12. Nxd4 Bc4 13. Ne4 d5 14. Nxf6+ Qxf6 15. Nf5 Qg5 16. f4 Qg6 17. Nxg7+ Bxg7 18. Qxg6 fxg6 19. Bxg7 Rh7 20. Be5 O-O-O 21. g4 h5 22. Kf2 hxg4 23. Kg3 Be2 24. Ra2 Bf3 25. Rc1 Rdd7 26. Rac2 Rh3+ 27. Kf2 Rxh2+ 28. Kg1 Rxc2 29. Rxc2 Rh7 30. Rc3 a6 31. a4 c6 32. b5 axb5 33. axb5 Kd7 34. bxc6+ bxc6 35. Ra3 Ke6 36. Ra6 Kf5 37. Rxc6 g3 38. Rf6+ Ke4 39. Rxg6 Rh1# 0-1

[Event "4NCL Online Division 5"]
[Site "online"]
[Date "2021.11.02"]
[EventDate "2021.11.02"]
[Round "6.51"]
[White "Wedge, David C"]
[WhiteElo "1877"]
[WhiteTeam "Hebden Bridge 2"]
[Black "Kafetzopoulos, Anastasis"]
[BlackElo "1995"]
[BlackTeam "QMUL A"]
[Result "1-0"]
[PlyCount "61"]

1. e4 c5 2. Nc3 Nc6 3. g3 g6 4. Bg2 Bg7 5. d3 e6 6. Be3 d6 7. f4 Nge7 8. Qd2 O-O 9. Nf3 Rb8 10. O-O-O b5 11. d4 b4 12. Ne2 c4 13. c3 Qa5 14. Kb1 Rb6 15. cxb4 Rxb4 16. Qc3 Qb6 17. Nd2 Ba6 18. a3 Ra4 19. g4 f5 20. gxf5 gxf5 21. h4 Rb8 22. h5 h6 23. Rhg1 Kh8 24. Bh3 Ra5 25. Rxg7 d5 26. Rg2 Rb5 27. Nxc4 Qb7 28. Nc1 Qc7 29. exf5 exf5 30. Ne5 Qd6 31. Nf7+ 1-0

[Event "4NCL Online Division 5"]
[Site "online"]
[Date "2021.11.02"]
[EventDate "2021.11.02"]
[Round "6.52"]
[White "Van Hoof, Alexander"]
[WhiteElo "1908"]
[WhiteTeam "QMUL A"]
[Black "Leonard, Pete"]
[BlackElo "1864"]
[BlackTeam "Hebden Bridge 2"]
[Result "0-1"]
[PlyCount "94"]

1. d4 Nf6 2. Bf4 c5 3. e3 Qb6 4. b3 cxd4 5. Qxd4 Qa5+ 6. Qd2 Qxd2+ 7. Nxd2 d5 8. c4 Nc6 9. Ngf3 e6 10. Be2 Bb4 11. O-O O-O 12. a3 Bc3 13. Rab1 e5 14. Bg5 e4 15. Bxf6 gxf6 16. cxd5 exf3 17. Nxf3 Ne5 18. Rfc1 Bf5 19. Rxc3 Bxb1 20. Nd4 Rac8 21. Rxc8 Rxc8 22. f3 Nd3 23. Bxd3 Bxd3 24. e4 Kf8 25. Kf2 Rc1 26. h4 Rf1+ 27. Ke3 Ba6 28. a4 Rd1 29. Nf5 Rd3+ 30. Kf4 Rxb3 31. d6 Ke8 32. g4 Be2 33. Nd4 Rb2 34. g5 fxg5+ 35. hxg5 Bd1 36. Ke5 Bxa4 37. Kf6 Bd7 38. f4 Rd2 39. g6 hxg6 40. f5 Rxd4 41. e5 gxf5 42. e6 Rxd6 43. Kg7 Rxe6 44. Kh7 Rg6 45. Kh8 Kf8 46. Kh7 Rf6 47. Kh8 Rh6# 0-1

[Event "4NCL Online Division 5"]
[Site "online"]
[Date "2021.11.02"]
[EventDate "2021.11.02"]
[Round "6.53"]
[White "Allan, John M"]
[WhiteElo "1799"]
[WhiteTeam "Hebden Bridge 2"]
[Black "Shah, Meeth"]
[BlackElo "1749"]
[BlackTeam "QMUL A"]
[Result "1-0"]
[PlyCount "145"]

1. e4 c5 2. Nf3 Nc6 3. d4 cxd4 4. Nxd4 g6 5. Nc3 Bg7 6. Be3 Nf6 7. Be2 O-O 8. Nb3 d6 9. O-O Ne5 10. h3 Be6 11. Nd4 Bc4 12. f4 Bxe2 13. Qxe2 Ned7 14. Kh2 a6 15. a4 e5 16. Nf3 exf4 17. Bxf4 Qb6 18. Rab1 Rae8 19. Rfd1 Re6 20. Ng5 Re5 21. Bxe5 Nxe5 22. Nd5 Nxd5 23. Rxd5 Nc6 24. Nf3 Nb4 25. Rdd1 Qc7 26. c3 Nc6 27. Kg1 Ne5 28. Nxe5 Bxe5 29. Rd3 Qc4 30. b3 Qc5+ 31. Qe3 Qc6 32. Rbd1 Re8 33. a5 f5 34. Qd2 fxe4 35. Rxd6 Qc5+ 36. Kh1 Bxd6 37. Qxd6 Qxd6 38. Rxd6 e3 39. Rd1 Kf7 40. Kg1 Kf6 41. Re1 Kf5 42. Kf1 Kf4 43. Ke2 Kg3 44. Rd1 Kxg2 45. Rd7 Re5 46. Rxh7 Rxa5 47. Kxe3 Rb5 48. b4 g5 49. Kd4 b6 50. Ra7 a5 51. bxa5 bxa5 52. c4 Rb1 53. Rxa5 Kxh3 54. Rxg5 Rd1+ 55. Kc5 Kh4 56. Rd5 Rb1 57. Kc6 Kg4 58. Re5 Kf4 59. Re8 Kf5 60. c5 Kf6 61. Kc7 Kf7 62. Re4 Kf6 63. c6 Kf5 64. Re8 Kf6 65. Kc8 Kf7 66. Re4 Kf6 67. c7 Kf5 68. Rd4 Ke5 69. Rd7 Rh1 70. Rd2 Ke6 71. Rd4 Ke5 72. Rb4 Kd6 73. Kb8 1-0

[Event "4NCL Online Division 5"]
[Site "online"]
[Date "2021.11.02"]
[EventDate "2021.11.02"]
[Round "6.54"]
[White "Zarzycki, Lukasz"]
[WhiteElo "1494"]
[WhiteTeam "QMUL A"]
[Black "Hill, Ollie"]
[BlackElo "1724"]
[BlackTeam "Hebden Bridge 2"]
[Result "1-0"]
[PlyCount "72"]

1. e4 c5 2. Nf3 d6 3. Bb5+ Bd7 4. Bxd7+ Nxd7 5. O-O Ngf6 6. Re1 e6 7. c3 Be7 8. d4 O-O 9. Bf4 Rc8 10. Na3 cxd4 11. cxd4 a6 12. Qd3 b5 13. Rac1 Qb6 14. h3 Rxc1 15. Rxc1 Qb7 16. Nd2 Nh5 17. Be3 f5 18. Qe2 f4 19. Qxh5 fxe3 20. fxe3 Nf6 21. Qf3 Nd5 22. Qg3 Nb4 23. Qg4 Rf6 24. Rf1 Rg6 25. Qd1 Bg5 26. Qb3 Nxa2 27. Nc2 Nb4 28. Qxb4 Qb6 29. e5 Be7 30. exd6 Bxd6 31. Qc3 Qb7 32. Ne1 Bg3 33. Ndf3 Rf6 34. Qc5 Rf5 35. Ne5 Rxf1+ 36. Kxf1 Qc8 1-0

[Event "4NCL Online Division 5"]
[Site "online"]
[Date "2021.11.02"]
[EventDate "2021.11.02"]
[Round "6.61"]
[White "Taylor, Robert K"]
[WhiteElo "1973"]
[WhiteTeam "Sheffield Uni '70s graduates"]
[Black "Kosznik, Dariusz"]
[BlackElo "1867"]
[BlackTeam "Dundee City C"]
[Result "1-0"]
[PlyCount "63"]

1. e4 e6 2. Nf3 c5 3. c4 Nc6 4. d4 cxd4 5. Nxd4 Bc5 6. Nb3 Bb6 7. Be2 Nf6 8. Nc3 O-O 9. Bg5 a6 10. Qd2 h6 11. Bh4 d6 12. O-O-O Bc7 13. g4 Nxe4 14. Bxd8 Nxd2 15. Bxc7 Nxb3+ 16. axb3 d5 17. h4 d4 18. Na4 b5 19. Nb6 Ra7 20. Bd6 Rd8 21. c5 Na5 22. b4 Nc6 23. Bf3 Nxb4 24. Rxd4 a5 25. Rhd1 e5 26. Bxe5 Rxd4 27. Rxd4 Be6 28. Rd8+ Kh7 29. Be4+ f5 30. gxf5 Bg8 31. h5 Kh8 32. f6 1-0

[Event "4NCL Online Division 5"]
[Site "online"]
[Date "2021.11.02"]
[EventDate "2021.11.02"]
[Round "6.62"]
[White "Mooney, Graham"]
[WhiteTitle "CM"]
[WhiteElo "1880"]
[WhiteTeam "Dundee City C"]
[Black "Beckett, Phill"]
[BlackElo "1826"]
[BlackTeam "Sheffield Uni '70s graduates"]
[Result "1/2-1/2"]
[PlyCount "78"]

1. e4 e5 2. Nf3 Nc6 3. Bb5 a6 4. Ba4 Nf6 5. O-O Be7 6. Re1 b5 7. Bb3 O-O 8. c3 d5 9. exd5 Nxd5 10. Nxe5 Nxe5 11. Rxe5 c6 12. Bxd5 cxd5 13. d4 Bd6 14. Re1 Qh4 15. g3 Qh3 16. Qf3 Bf5 17. Nd2 Rae8 18. Re3 Rxe3 19. fxe3 Re8 20. Nf1 Be4 21. Qf2 Re6 22. Nd2 Bxg3 23. Qxg3 Rg6 24. Nxe4 dxe4 25. Qxg6 hxg6 26. a4 Qg4+ 27. Kf2 Qf3+ 28. Ke1 Qh1+ 29. Ke2 Qxh2+ 30. Ke1 g5 31. axb5 g4 32. bxa6 Qg3+ 33. Kd1 Qf3+ 34. Kc2 Qe2+ 35. Kb3 Qb5+ 36. Kc2 Qd3+ 37. Kb3 Qb5+ 38. Kc2 Qd3+ 39. Kb3 Qb5+ 1/2-1/2

[Event "4NCL Online Division 5"]
[Site "online"]
[Date "2021.11.02"]
[EventDate "2021.11.02"]
[Round "6.63"]
[White "McSheehy, Chris J"]
[WhiteElo "1721"]
[WhiteTeam "Sheffield Uni '70s graduates"]
[Black "Anderson, James"]
[BlackElo "1630"]
[BlackTeam "Dundee City C"]
[Result "1-0"]
[PlyCount "64"]

1. d4 Nf6 2. c4 e6 3. Nf3 d5 4. g3 c6 5. Bg2 Bd6 6. O-O O-O 7. Nc3 Nbd7 8. Bf4 Bxf4 9. gxf4 Qc7 10. e3 a6 11. b3 Re8 12. Rc1 Qa5 13. Qe2 h6 14. Kh1 b5 15. c5 b4 16. Na4 Qb5 17. Qc2 Bb7 18. Rg1 Qa5 19. Ne5 Qd8 20. Bf3 Qe7 21. Rg3 Kh8 22. Rcg1 Rg8 23. Qe2 Nf8 24. Qf1 N8h7 25. Nb6 Raf8 26. Qh3 Bc8 27. Nxc6 Qc7 28. Ne5 Nd7 29. Nbxd7 Bxd7 30. c6 Bxc6 31. Rc1 Qa5 32. Nxc6 Rc8 1-0

[Event "4NCL Online Division 5"]
[Site "online"]
[Date "2021.11.02"]
[EventDate "2021.11.02"]
[Round "6.64"]
[White "Flood, Raymond"]
[WhiteElo "1623"]
[WhiteTeam "Dundee City C"]
[Black "Grobler, David"]
[BlackElo "1664"]
[BlackTeam "Sheffield Uni '70s graduates"]
[Result "1-0"]
[PlyCount "79"]

1. Nf3 d5 2. g3 g6 3. Bg2 Bg7 4. O-O Nf6 5. d3 O-O 6. Nbd2 c5 7. e4 dxe4 8. dxe4 Nc6 9. Qe2 Bg4 10. c3 Ne5 11. h3 Bxf3 12. Nxf3 Nxf3+ 13. Qxf3 Qc8 14. Bf4 Nh5 15. Bg5 f6 16. Be3 f5 17. exf5 Rxf5 18. Qxb7 Qxb7 19. Bxb7 Rb8 20. g4 Re5 21. Ba6 Nf6 22. Bf4 Nd7 23. Bxe5 Nxe5 24. f4 Nc6 25. Bc4+ Kh8 26. Rf2 Na5 27. Be6 Rb6 28. Re1 Nc6 29. Rd2 a5 30. Bb3 h5 31. Re6 hxg4 32. hxg4 Nd4 33. cxd4 Rxe6 34. Bxe6 Bxd4+ 35. Kf1 Kg7 36. f5 gxf5 37. gxf5 Kf6 38. b3 Bc3 39. Rd7 Bb4 40. Ke2 1-0

[Event "4NCL Online Division 5"]
[Site "online"]
[Date "2021.11.02"]
[EventDate "2021.11.02"]
[Round "6.71"]
[White "Ross, David C"]
[WhiteElo "1741"]
[WhiteTeam "War & Piece Nimrod"]
[Black "Hackney, Leyton"]
[BlackElo "1597"]
[BlackTeam "Dundee City D"]
[Result "1/2-1/2"]
[PlyCount "106"]

1. e4 d5 2. exd5 Nf6 3. d4 Qxd5 4. Nc3 Qa5 5. Nf3 Bg4 6. Be2 Nc6 7. O-O O-O-O 8. a3 Bxf3 9. Bxf3 Nxd4 10. b4 Qf5 11. Be3 Nxc2 12. Bxb7+ Kxb7 13. Qxd8 Nxa1 14. Rxa1 Qd7 15. Qxd7 Nxd7 16. Rc1 a6 17. a4 e6 18. b5 a5 19. Ne4 Nb6 20. Bf4 Nd5 21. Bd2 Bb4 22. Bxb4 Nxb4 23. Nc5+ Ka7 24. Nd7 Nd5 25. Ne5 f6 26. Nc6+ Kb6 27. Nd4 Re8 28. Rc6+ Kb7 29. Nxe6 Re7 30. Kf1 Nb4 31. Nc5+ Kc8 32. Re6 Rxe6 33. Nxe6 Nd5 34. Nc5 c6 35. bxc6 Kc7 36. Nb3 Kxc6 37. Nxa5+ Kc5 38. Nb3+ Kb4 39. Nd4 Kxa4 40. Ke2 Kb4 41. g3 Kc4 42. Nf5 g6 43. Ne3+ Nxe3 44. Kxe3 Kd5 45. Kf4 h5 46. h4 Kd4 47. f3 Kd5 48. g4 Ke6 49. Ke4 f5+ 50. Kf4 fxg4 51. fxg4 Kf6 52. g5+ Ke6 53. Ke4 Kd6 1/2-1/2

[Event "4NCL Online Division 5"]
[Site "online"]
[Date "2021.11.02"]
[EventDate "2021.11.02"]
[Round "6.72"]
[White "Vijayakumar, Rishi"]
[WhiteElo "1497"]
[WhiteTeam "Dundee City D"]
[Black "Dray-Pearce, Tristan"]
[BlackElo "1640"]
[BlackTeam "War & Piece Nimrod"]
[Result "1-0"]
[PlyCount "43"]

1. d4 Nf6 2. c4 d5 3. cxd5 Nxd5 4. e4 Nf6 5. Nc3 e6 6. Bg5 Be7 7. Nf3 c6 8. Bd3 Nbd7 9. Qc2 b5 10. O-O Bb7 11. Rad1 Qc7 12. Nxb5 Qa5 13. Nc3 O-O 14. e5 Nd5 15. Nxd5 Bxg5 16. Bxh7+ Kh8 17. Nxg5 cxd5 18. Bg8 f5 19. Bxe6 Rac8 20. Qb3 g6 21. Qh3+ Kg7 22. Qh7# 1-0

[Event "4NCL Online Division 5"]
[Site "online"]
[Date "2021.11.02"]
[EventDate "2021.11.02"]
[Round "6.73"]
[White "Morrison, Munroe L"]
[WhiteElo "1633"]
[WhiteTeam "War & Piece Nimrod"]
[Black "Robertson, John"]
[BlackElo "1562"]
[BlackTeam "Dundee City D"]
[Result "0-1"]
[PlyCount "140"]

1. e4 e6 2. d4 c5 3. c3 cxd4 4. cxd4 Bb4+ 5. Nc3 a6 6. Nf3 Ne7 7. Bd3 d5 8. e5 Nbc6 9. O-O Ng6 10. Be3 Be7 11. Rc1 Bd7 12. Ne2 Nb4 13. Bb1 O-O 14. a3 Nc6 15. Nf4 Na5 16. Nh5 Nc4 17. Nd2 Nxe3 18. fxe3 Bg5 19. Qe1 Rc8 20. Rxc8 Qxc8 21. Qg3 Qd8 22. Nf4 Nh4 23. Nh3 Bh6 24. Nf4 Ng6 25. b4 a5 26. Nb3 Nxf4 27. exf4 axb4 28. axb4 b6 29. Qc3 Qb8 30. g3 Rc8 31. Qe3 g6 32. Rc1 Bf8 33. Qd2 Ba4 34. Ba2 Bxb3 35. Rxc8 Qxc8 36. Bxb3 Qa6 37. Qc2 Qa1+ 38. Kg2 Qxd4 39. b5 Qc5 40. Qd3 Qb4 41. h4 Bc5 42. Kh3 Bd4 43. Kg4 Qc3 44. Qxc3 Bxc3 45. Kf3 Kf8 46. Kg4 h6 47. h5 gxh5+ 48. Kxh5 Kg7 49. Bc2 Be1 50. g4 Bd2 51. f5 Bg5 52. fxe6 fxe6 53. Bg6 Kf8 54. Bd3 Ke7 55. Kg6 Bf4 56. Kh5 Kf7 57. Bg6+ Kg8 58. Be8 Kf8 59. Bd7 Ke7 60. Bc6 d4 61. Be4 Bxe5 62. Kxh6 Kd6 63. g5 Kc5 64. g6 Kxb5 65. g7 Bxg7+ 66. Kxg7 Kc4 67. Kf6 d3 68. Bxd3+ Kxd3 69. Kxe6 b5 70. Kd5 b4 0-1